[Event "MPJ C18"]
[Site "?"]
[Date "2016.03.19"]
[Round "8.3"]
[White "Kanicki, Krzysztof"]
[Black "Nowak, Kamil"]
[Result "1/2-1/2"]
[LiveChessVersion "1.4.8"]
[BlackElo "2339"]
[WhiteElo "2208"]

1. e4 {[%clk 1:30:58]} e5 {[%clk 1:30:52]} 2. Nf3 {[%clk 1:31:20]} Nc6
{[%clk 1:31:18]} 3. Bb5 {[%clk 1:31:13]} a6 {[%clk 1:31:43]} 4. Ba4
{[%clk 1:31:35]} Nf6 {[%clk 1:32:02]} 5. O-O {[%clk 1:31:54]} Be7
{[%clk 1:32:23]} 6. Re1 {[%clk 1:31:49]} b5 {[%clk 1:32:45]} 7. Bb3
{[%clk 1:32:13]} d6 {[%clk 1:33:12]} 8. c3 {[%clk 1:32:00]} O-O {[%clk 1:33:39]}
9. h3 {[%clk 1:31:39]} Na5 {[%clk 1:33:50]} 10. Bc2 {[%clk 1:31:56]} c5
{[%clk 1:34:13]} 11. d4 {[%clk 1:31:48]} Qc7 {[%clk 1:34:38]} 12. Nbd2
{[%clk 1:31:47]} cxd4 {[%clk 1:34:44]} 13. cxd4 {[%clk 1:32:10]} Nc6
{[%clk 1:35:11]} 14. Nb3 {[%clk 1:30:08]} a5 {[%clk 1:35:01]} 15. Be3
{[%clk 1:29:30]} a4 {[%clk 1:35:13]} 16. Nbd2 {[%clk 1:29:22]} Bd7
{[%clk 1:34:06]} 17. Rc1 {[%clk 1:28:55]} Rac8 {[%clk 1:33:37]} 18. Bd3
{[%clk 1:25:17]} Qb8 {[%clk 1:33:56]} 19. Qe2 {[%clk 1:23:55]} Na5
{[%clk 1:34:22]} 20. Nf1 {[%clk 1:13:03]} h6 {[%clk 1:30:26]} 21. Ng3
{[%clk 1:10:40]} Nc4 {[%clk 1:25:23]} 22. Bxc4 {[%clk 1:04:51]} bxc4
{[%clk 1:24:28]} 23. d5 {[%clk 0:44:54]} Qb4 {[%clk 1:16:21]} 24. Rc2
{[%clk 0:39:10]} c3 {[%clk 1:09:16]} 25. bxc3 {[%clk 0:37:31]} Rxc3
{[%clk 1:08:20]} 26. Bd2 {[%clk 0:35:06]} Rxc2 {[%clk 1:06:21]} 27. Bxb4
{[%clk 0:35:29]} Rxe2 {[%clk 1:06:43]} 28. Rxe2 {[%clk 0:34:30]} Rb8
{[%clk 1:02:11]} 29. a3 {[%clk 0:31:21]} g6 {[%clk 1:00:26]} 30. Rc2
{[%clk 0:28:58]} Kg7 {[%clk 1:00:23]} 31. Nd2 {[%clk 0:21:39]} Bb5
{[%clk 0:54:55]} 32. f3 {[%clk 0:18:29]} Ne8 {[%clk 0:52:37]} 33. Nc4
{[%clk 0:14:05]} Rc8 {[%clk 0:48:15]} 34. Ne3 {[%clk 0:14:10]} Rxc2
{[%clk 0:45:43]} 35. Nxc2 {[%clk 0:14:37]} Bd8 {[%clk 0:46:10]} 36. Kf2
{[%clk 0:04:20]} Bd3 {[%clk 0:45:26]} 37. Na1 {[%clk 0:04:46]} Bb6+
{[%clk 0:45:54]} 38. Ke1 {[%clk 0:05:09]} Be3 {[%clk 0:45:26]} 39. Kd1
{[%clk 0:03:34]} f5 {[%clk 0:43:58]} 40. exf5 {[%clk 0:31:33]} gxf5
{[%clk 1:13:25]} 41. Nc2 {[%clk 0:31:05]} Bg5 {[%clk 1:08:15]} 42. Ne1
{[%clk 0:22:27]} Bb1 {[%clk 1:07:48]} 43. Ne2 {[%clk 0:21:59]} Ba2
{[%clk 1:06:15]} 44. Nc3 {[%clk 0:22:08]} Bb3+ {[%clk 1:06:37]} 45. Ke2
{[%clk 0:22:30]} h5 {[%clk 0:59:21]} 46. g3 {[%clk 0:17:08]} Kf6 {[%clk 0:59:44]}
47. Ng2 {[%clk 0:16:36]} Ke7 {[%clk 0:54:20]} 48. Ne3 {[%clk 0:12:06]} Bxe3
{[%clk 0:53:16]} 49. Kxe3 {[%clk 0:12:32]} Nf6 {[%clk 0:53:44]} 50. f4
{[%clk 0:10:54]} Kd7 {[%clk 0:51:11]} 51. Ba5 {[%clk 0:06:02]} Nxd5+
{[%clk 0:44:03]} 52. Nxd5 {[%clk 0:06:20]} Bxd5 {[%clk 0:44:32]} 53. h4
{[%clk 0:05:14]} Be4 {[%clk 0:43:30]} 54. Bb6 {[%clk 0:03:24]} Kc6
{[%clk 0:43:34]} 55. Bd8 {[%clk 0:03:05]} Kd5 {[%clk 0:43:15]} 56. Be7
{[%clk 0:03:07]} Bc2 {[%clk 0:42:36]} 57. fxe5 {[%clk 0:02:13]} Kxe5
{[%clk 0:40:48]} 58. Bf8 {[%clk 0:02:31]} Be4 {[%clk 0:40:42]} 59. Be7
{[%clk 0:02:50]} d5 {[%clk 0:39:03]} 60. Bc5 {[%clk 0:03:12]} 1/2-1/2

[Event "MPJ C18"]
[Site "?"]
[Date "2016.03.19"]
[Round "8.4"]
[White "Niekras, Dawid"]
[Black "Molenda, Marcin"]
[Result "1/2-1/2"]
[LiveChessVersion "1.4.8"]
[BlackElo "2142"]
[WhiteElo "2271"]

1. e4 {[%clk 1:30:59]} c5 {[%clk 1:30:52]} 2. Nf3 {[%clk 1:31:25]} e6
{[%clk 1:31:17]} 3. d4 {[%clk 1:31:52]} cxd4 {[%clk 1:31:41]} 4. Nxd4
{[%clk 1:32:18]} Nc6 {[%clk 1:32:04]} 5. Nc3 {[%clk 1:32:45]} Qc7
{[%clk 1:32:30]} 6. Be3 {[%clk 1:33:09]} a6 {[%clk 1:32:58]} 7. Qd2
{[%clk 1:33:33]} Nf6 {[%clk 1:33:23]} 8. O-O-O {[%clk 1:33:58]} Bb4
{[%clk 1:33:50]} 9. f3 {[%clk 1:34:18]} Ne5 {[%clk 1:34:16]} 10. Nb3
{[%clk 1:34:40]} b5 {[%clk 1:34:42]} 11. Qe1 {[%clk 1:35:06]} Rb8
{[%clk 1:35:07]} 12. Qg3 {[%clk 1:35:19]} O-O {[%clk 1:35:15]} 13. Bd4
{[%clk 1:35:03]} Bd6 {[%clk 1:35:40]} 14. f4 {[%clk 1:35:15]} Nh5
{[%clk 1:35:14]} 15. fxe5 {[%clk 1:35:33]} Nxg3 {[%clk 1:35:38]} 16. exd6
{[%clk 1:35:58]} Qxd6 {[%clk 1:36:03]} 17. hxg3 {[%clk 1:36:23]} Qxg3
{[%clk 1:36:25]} 18. Rh3 {[%clk 1:36:27]} Qg5+ {[%clk 1:28:20]} 19. Be3
{[%clk 1:36:32]} Qe5 {[%clk 1:13:54]} 20. g3 {[%clk 1:11:50]} b4 {[%clk 1:02:33]}
21. Bf4 {[%clk 1:10:38]} Qf6 {[%clk 1:02:57]} 22. e5 {[%clk 0:54:45]} Qd8
{[%clk 1:02:13]} 23. Bd3 {[%clk 0:48:56]} h6 {[%clk 1:00:32]} 24. Ne4
{[%clk 0:45:04]} d5 {[%clk 0:58:35]} 25. Nf6+ {[%clk 0:28:15]} gxf6
{[%clk 0:57:56]} 26. exf6 {[%clk 0:28:40]} Qxf6 {[%clk 0:56:32]} 27. Rxh6
{[%clk 0:21:37]} Qg7 {[%clk 0:39:27]} 28. Rdh1 {[%clk 0:17:40]} Rb6
{[%clk 0:27:59]} 29. Bh7+ {[%clk 0:14:22]} Kh8 {[%clk 0:28:25]} 30. Bd3+
{[%clk 0:14:44]} Kg8 {[%clk 0:28:52]} 31. Rh7 {[%clk 0:14:50]} Qf6
{[%clk 0:11:30]} 32. R1h6 {[%clk 0:13:57]} Qxh6 33. Rxh6 Kg7 {[%clk 0:11:10]} 34.
Rh4 {[%clk 0:09:31]} Kf6 {[%clk 0:09:26]} 35. g4 {[%clk 0:05:03]} Rg8
{[%clk 0:08:54]} 36. Rh6+ {[%clk 0:03:27]} Ke7 {[%clk 0:08:45]} 37. g5
{[%clk 0:03:43]} Bd7 {[%clk 0:05:42]} 38. Be5 {[%clk 0:03:12]} Bb5
{[%clk 0:05:49]} 39. Nd4 {[%clk 0:01:40]} Bxd3 {[%clk 0:05:57]} 40. cxd3
{[%clk 0:32:09]} Rb7 {[%clk 0:35:02]} 41. Kd2 {[%clk 0:28:20]} Ke8
{[%clk 0:32:38]} 42. Rh5 {[%clk 0:27:24]} a5 {[%clk 0:31:55]} 43. Nb3
{[%clk 0:25:25]} Rb5 {[%clk 0:31:58]} 44. d4 {[%clk 0:25:09]} Kd7
{[%clk 0:30:10]} 45. Nc5+ {[%clk 0:24:50]} Kc6 {[%clk 0:30:33]} 46. Ke3
{[%clk 0:24:27]} a4 {[%clk 0:29:24]} 47. Kf4 {[%clk 0:23:47]} Ra5
{[%clk 0:29:30]} 48. Rh7 {[%clk 0:20:00]} Rf8 {[%clk 0:29:31]} 49. Bf6
{[%clk 0:19:54]} Raa8 {[%clk 0:28:57]} 50. Ke5 {[%clk 0:18:53]} Rae8
{[%clk 0:28:46]} 51. Rh1 {[%clk 0:14:40]} Rc8 {[%clk 0:28:44]} 52. Bg7
{[%clk 0:13:54]} Rfd8 {[%clk 0:28:21]} 53. Rc1 {[%clk 0:11:20]} Kb5
{[%clk 0:28:24]} 54. Bf6 {[%clk 0:11:31]} Re8 {[%clk 0:28:32]} 55. Kd6
{[%clk 0:06:13]} Rc6+ {[%clk 0:28:25]} 56. Ke5 {[%clk 0:04:20]} Ra8 57. Rh1
{[%clk 0:04:23]} Ra7 {[%clk 0:27:55]} 58. Rh8 {[%clk 0:04:22]} Kc4
{[%clk 0:28:19]} 59. Rh2 {[%clk 0:02:33]} Kb5 {[%clk 0:27:02]} 60. Kf4
{[%clk 0:01:09]} Kc4 {[%clk 0:25:42]} 61. Be5 {[%clk 0:01:01]} Rc8
{[%clk 0:25:15]} 62. Rc2+ {[%clk 0:00:50]} Kb5 {[%clk 0:25:33]} 63. Ke4 1/2-1/2

[Event "MPJ C18"]
[Site "?"]
[Date "2016.03.19"]
[Round "8.5"]
[White "Mockun, Dawid"]
[Black "Wisniewski, Michal"]
[Result "1-0"]
[LiveChessVersion "1.4.8"]
[BlackElo "2273"]
[WhiteElo "1933"]

1. Nf3 {[%clk 1:30:59]} Nf6 {[%clk 1:25:19]} 2. g3 {[%clk 1:30:59]} g6
{[%clk 1:25:29]} 3. Bg2 {[%clk 1:31:23]} Bg7 {[%clk 1:25:50]} 4. O-O
{[%clk 1:31:43]} d5 {[%clk 1:26:16]} 5. d4 {[%clk 1:32:05]} O-O {[%clk 1:26:14]}
6. c3 {[%clk 1:32:25]} c6 {[%clk 1:20:46]} 7. Nbd2 {[%clk 1:32:35]} Nbd7
{[%clk 1:19:39]} 8. Re1 {[%clk 1:32:59]} Re8 {[%clk 1:17:09]} 9. e4
{[%clk 1:32:40]} dxe4 {[%clk 1:17:33]} 10. Nxe4 {[%clk 1:30:30]} Nxe4
{[%clk 1:17:52]} 11. Rxe4 {[%clk 1:30:55]} Nf6 {[%clk 1:18:19]} 12. Re1
{[%clk 1:30:59]} Be6 {[%clk 1:05:41]} 13. Rxe6 {[%clk 1:21:02]} fxe6
{[%clk 1:06:08]} 14. Bh3 {[%clk 1:20:53]} Rf8 {[%clk 1:02:22]} 15. Bxe6+
{[%clk 1:17:48]} Kh8 {[%clk 1:02:49]} 16. Ng5 {[%clk 1:07:02]} Qe8
{[%clk 1:02:16]} 17. Qb3 {[%clk 1:04:19]} h6 {[%clk 1:00:52]} 18. Nf7+
{[%clk 0:34:56]} Kh7 {[%clk 1:01:03]} 19. Ne5 {[%clk 0:35:09]} Nd5
{[%clk 0:55:30]} 20. Qxb7 {[%clk 0:09:16]} Bxe5 {[%clk 0:53:41]} 21. dxe5
{[%clk 0:08:17]} Rb8 {[%clk 0:49:01]} 22. Qxa7 {[%clk 0:07:51]} Qd8
{[%clk 0:48:59]} 23. Qa4 {[%clk 0:06:34]} Qb6 {[%clk 0:47:07]} 24. Qc2
{[%clk 0:05:29]} Qc5 {[%clk 0:44:37]} 25. Qe2 {[%clk 0:04:21]} Nxc3
{[%clk 0:44:41]} 26. bxc3 {[%clk 0:03:39]} Qxc3 {[%clk 0:45:10]} 27. Qe3
{[%clk 0:03:54]} 1-0

[Event "MPJ C18"]
[Site "?"]
[Date "2016.03.19"]
[Round "8.6"]
[White "Zylka, Stanislaw"]
[Black "Piotrowski, Przemyslaw"]
[Result "1/2-1/2"]
[LiveChessVersion "1.4.8"]
[BlackElo "2140"]
[WhiteElo "2180"]

1. e4 {[%clk 1:30:55]} c5 {[%clk 1:30:07]} 2. Nf3 {[%clk 1:31:15]} d6
{[%clk 1:30:23]} 3. d4 {[%clk 1:31:39]} cxd4 {[%clk 1:30:49]} 4. Qxd4
{[%clk 1:32:01]} Nc6 {[%clk 1:13:54]} 5. Bb5 {[%clk 1:32:21]} Bd7
{[%clk 1:14:10]} 6. Qd3 {[%clk 1:32:41]} Nf6 {[%clk 1:13:00]} 7. h3
{[%clk 1:32:48]} e6 {[%clk 1:13:03]} 8. c4 {[%clk 1:33:07]} Ne5 {[%clk 1:08:37]}
9. Nxe5 {[%clk 1:31:10]} dxe5 {[%clk 1:07:50]} 10. Qe2 {[%clk 1:22:56]} Bxb5
{[%clk 1:03:32]} 11. cxb5 {[%clk 1:23:10]} Qd4 {[%clk 1:01:28]} 12. O-O
{[%clk 1:12:22]} Qxe4 {[%clk 0:54:02]} 13. Be3 {[%clk 1:11:56]} Nd5
{[%clk 0:43:42]} 14. Nd2 {[%clk 1:07:58]} Qf5 {[%clk 0:42:36]} 15. b6
{[%clk 1:06:52]} a6 {[%clk 0:41:15]} 16. Qc4 {[%clk 1:02:44]} Bb4
{[%clk 0:37:45]} 17. a3 {[%clk 0:56:52]} Bxd2 {[%clk 0:37:02]} 18. Qa4+
{[%clk 0:57:09]} Ke7 {[%clk 0:36:36]} 19. Bxd2 {[%clk 0:57:23]} Rhd8
{[%clk 0:35:19]} 20. Rac1 {[%clk 0:52:38]} Kf8 {[%clk 0:33:07]} 21. Rc7
{[%clk 0:51:23]} Nxb6 {[%clk 0:23:11]} 22. Qb4+ {[%clk 0:48:40]} Kg8
{[%clk 0:23:36]} 23. Qxb6 {[%clk 0:48:45]} Rxd2 {[%clk 0:23:50]} 24. Qxb7
{[%clk 0:47:49]} Rad8 {[%clk 0:23:42]} 25. Rc8 {[%clk 0:45:53]} Qg5
{[%clk 0:19:22]} 26. Rxd8+ {[%clk 0:44:25]} Qxd8 {[%clk 0:13:51]} 27. Rc1
{[%clk 0:43:10]} Rd1+ {[%clk 0:14:12]} 28. Rxd1 {[%clk 0:43:32]} Qxd1+
{[%clk 0:14:40]} 29. Kh2 {[%clk 0:43:47]} h5 {[%clk 0:14:35]} 30. Qxa6
{[%clk 0:43:42]} Qd2 {[%clk 0:13:57]} 31. Qa8+ {[%clk 0:40:09]} Kh7
{[%clk 0:14:01]} 32. Qf3 {[%clk 0:40:08]} Qxb2 {[%clk 0:14:12]} 33. Qxf7
{[%clk 0:38:18]} Kh6 {[%clk 0:06:36]} 34. Qxe6+ {[%clk 0:30:13]} g6
{[%clk 0:06:59]} 35. Qe7 {[%clk 0:29:28]} Qxf2 {[%clk 0:05:40]} 36. Qxe5
{[%clk 0:29:43]} Qa7 {[%clk 0:04:34]} 37. Qf4+ {[%clk 0:27:11]} Kg7
{[%clk 0:04:31]} 38. a4 {[%clk 0:27:13]} Kh7 {[%clk 0:04:50]} 39. h4
{[%clk 0:27:18]} Qa5 {[%clk 0:03:20]} 40. Qf7+ {[%clk 0:55:07]} Kh6
{[%clk 0:32:59]} 41. Qe8 {[%clk 0:52:45]} Qc7+ {[%clk 0:32:38]} 42. Kh3
{[%clk 0:50:56]} Kh7 {[%clk 0:32:00]} 43. Qe6 {[%clk 0:49:08]} Qc3+
{[%clk 0:28:57]} 44. g3 {[%clk 0:49:05]} Qc7 {[%clk 0:27:59]} 45. Qa2
{[%clk 0:47:58]} Qa5 {[%clk 0:26:15]} 46. Qf7+ {[%clk 0:46:02]} Kh6
{[%clk 0:26:21]} 47. Qf8+ {[%clk 0:45:25]} Kh7 {[%clk 0:26:50]} 48. Qe7+
{[%clk 0:45:34]} Kg8 {[%clk 0:26:16]} 49. Qd7 {[%clk 0:44:11]} Qa8
{[%clk 0:21:38]} 50. Kh2 {[%clk 0:44:08]} Qa5 {[%clk 0:21:02]} 51. Kg2
{[%clk 0:43:54]} Kh8 {[%clk 0:18:28]} 52. Kf3 {[%clk 0:41:45]} Qc3+
{[%clk 0:18:25]} 53. Kf4 {[%clk 0:41:15]} Qc4+ {[%clk 0:16:06]} 54. Kg5
{[%clk 0:40:52]} Qf7 {[%clk 0:16:10]} 55. Qd4+ {[%clk 0:38:11]} Kh7
{[%clk 0:15:48]} 56. Qe5 {[%clk 0:36:21]} Qd7 {[%clk 0:14:22]} 57. Kf6
{[%clk 0:34:37]} Qc6+ {[%clk 0:09:50]} 58. Kf7 {[%clk 0:29:59]} Qf3+
{[%clk 0:08:22]} 59. Qf6 {[%clk 0:27:02]} Qb3+ {[%clk 0:07:16]} 60. Kf8
{[%clk 0:23:46]} Qb8+ {[%clk 0:06:52]} 61. Kf7 {[%clk 0:23:26]} Qb3+
{[%clk 0:07:12]} 62. Kf8 {[%clk 0:20:27]} Qb8+ {[%clk 0:07:24]} 63. Kf7
{[%clk 0:19:40]} 1/2-1/2

[Event "MPJ C18"]
[Site "?"]
[Date "2016.03.19"]
[Round "8.7"]
[White "Osinski, Emil"]
[Black "Czajkowski, Adam"]
[Result "0-1"]
[LiveChessVersion "1.4.8"]
[BlackElo "2110"]
[WhiteElo "2017"]

1. e4 {[%clk 1:30:58]} c5 {[%clk 1:30:55]} 2. Nf3 {[%clk 1:31:16]} e6
{[%clk 1:31:20]} 3. d4 {[%clk 1:31:21]} cxd4 {[%clk 1:31:46]} 4. Nxd4
{[%clk 1:31:36]} a6 {[%clk 1:31:57]} 5. Bd3 {[%clk 1:31:42]} Nf6 {[%clk 1:32:02]}
6. O-O {[%clk 1:31:19]} Qc7 {[%clk 1:32:16]} 7. c4 {[%clk 1:23:52]} Nc6
{[%clk 1:27:26]} 8. Nxc6 {[%clk 1:23:10]} dxc6 {[%clk 1:25:30]} 9. Be3
{[%clk 1:16:23]} e5 {[%clk 1:18:33]} 10. h3 {[%clk 1:14:36]} Be6 {[%clk 1:18:21]}
11. Nc3 {[%clk 1:10:56]} Nd7 {[%clk 1:16:14]} 12. Qe2 {[%clk 0:59:18]} Nc5
{[%clk 1:11:18]} 13. Bc2 {[%clk 0:54:43]} b5 {[%clk 1:09:15]} 14. Bb3
{[%clk 0:41:23]} b4 {[%clk 0:55:12]} 15. Na4 {[%clk 0:37:08]} Nxb3
{[%clk 0:50:07]} 16. axb3 {[%clk 0:37:28]} c5 {[%clk 0:49:50]} 17. f4
{[%clk 0:36:05]} exf4 {[%clk 0:39:46]} 18. Bxf4 {[%clk 0:36:07]} Qc6
{[%clk 0:38:15]} 19. Bg5 {[%clk 0:28:31]} f6 {[%clk 0:28:27]} 20. Be3
{[%clk 0:24:31]} Rc8 {[%clk 0:24:45]} 21. e5 {[%clk 0:23:55]} f5 {[%clk 0:23:17]}
22. Qh5+ {[%clk 0:20:26]} g6 {[%clk 0:22:58]} 23. Qh4 {[%clk 0:20:17]} Bf7
{[%clk 0:19:43]} 24. e6 {[%clk 0:16:23]} Bg8 {[%clk 0:08:40]} 25. Qf6
{[%clk 0:10:51]} Qxe6 {[%clk 0:07:54]} 26. Bg5 {[%clk 0:09:26]} Be7
{[%clk 0:07:28]} 27. Qxh8 {[%clk 0:09:09]} Bxg5 {[%clk 0:07:42]} 28. Rae1
{[%clk 0:07:01]} Be3+ {[%clk 0:07:39]} 29. Kh1 {[%clk 0:07:25]} Kf7
{[%clk 0:07:13]} 30. Nb6 {[%clk 0:04:56]} Re8 {[%clk 0:06:41]} 31. Rd1
{[%clk 0:02:34]} Qxb6 {[%clk 0:05:51]} 32. Rd7+ {[%clk 0:02:24]} Ke6
{[%clk 0:06:00]} 33. Rxh7 {[%clk 0:02:06]} Bd4 {[%clk 0:04:32]} 34. Rg7
{[%clk 0:01:57]} Bf7 {[%clk 0:03:30]} 35. Re1+ {[%clk 0:01:30]} Kd6
{[%clk 0:03:01]} 36. Rxe8 {[%clk 0:00:59]} Bxg7 {[%clk 0:03:26]} 37. Rb8
{[%clk 0:00:41]} Bxh8 {[%clk 0:03:45]} 38. Rxb6+ {[%clk 0:01:09]} Ke7
{[%clk 0:03:03]} 39. Rxa6 {[%clk 0:01:15]} Bxb2 {[%clk 0:03:25]} 40. g3
{[%clk 0:31:07]} Be6 {[%clk 0:32:32]} 41. Kg2 {[%clk 0:30:18]} Kf6
{[%clk 0:29:47]} 42. h4 {[%clk 0:28:48]} Ke5 {[%clk 0:25:36]} 43. Rc6
{[%clk 0:28:51]} Bd4 {[%clk 0:25:34]} 44. Kf3 {[%clk 0:28:39]} Bf7
{[%clk 0:24:38]} 45. Rc8 {[%clk 0:27:33]} g5 {[%clk 0:24:13]} 46. Rh8
{[%clk 0:21:30]} gxh4 {[%clk 0:24:00]} 47. Rxh4 {[%clk 0:20:48]} Kf6
{[%clk 0:23:56]} 48. Rh7 {[%clk 0:17:08]} Bg6 {[%clk 0:24:10]} 49. Rh4
{[%clk 0:17:21]} Kg5 {[%clk 0:24:28]} 50. Ke2 {[%clk 0:16:37]} Bh5+
{[%clk 0:24:37]} 51. Kd2 {[%clk 0:16:37]} Bf2 {[%clk 0:24:41]} 0-1

[Event "MPJ C18"]
[Site "?"]
[Date "2016.03.19"]
[Round "8.8"]
[White "Chomczyk, Marek"]
[Black "Winiarski, Mikolaj"]
[Result "0-1"]
[LiveChessVersion "1.4.8"]
[BlackElo "2037"]
[WhiteElo "2229"]

1. e4 c5 2. Nf3 d6 3. d4 cxd4 4. Nxd4 Nf6 5. Nc3 a6 6. Be3 e5 7. Nb3 Be6 8. f3 h5
9. Qd2 Nbd7 10. O-O-O Rc8 11. Kb1 b5 12. a4 bxa4 13. Nxa4 Bc4 14. Na5 Bb5 15. b3
d5 16. exd5 Bxa4 17. bxa4 Bc5 18. Nb3 Qb6 19. a5 Qb7 20. Bg5 Bd4 21. Bxf6 Nxf6
22. Qe2 O-O 23. Qxa6 Qb4 24. Qb5 Qa3 25. Rxd4 exd4 26. Bc4 Rb8 27. Qa6 Ra8 28.
Qb6 Rfb8 29. Qxd4 Rxa5 30. Re1 Ra4 31. Qe5 Rc8 32. Bb5 Qa2+ 33. Kc1 Qxc2# 0-1

[Event "MPJ C18"]
[Site "?"]
[Date "2016.03.19"]
[Round "8.9"]
[White "Buraczewski, Rafal"]
[Black "Smieszek, Wojciech"]
[Result "1-0"]
[LiveChessVersion "1.4.8"]
[BlackElo "2182"]
[WhiteElo "1973"]

1. d4 Nf6 2. Nf3 c5 3. d5 e6 4. Nc3 b5 5. dxe6 fxe6 6. Nxb5 d5 7. c4 a6 8. Qa4
Bd7 9. Ne5 Be7 10. Nxd7 Nbxd7 11. Nc3 O-O 12. Qc6 Kh8 13. Qxe6 d4 14. Ne4 Nxe4
15. Qxe4 Bg5 16. f4 Bh6 17. g3 Qa5+ 18. Bd2 Qb6 19. O-O-O Rab8 20. Qc2 g6 21. e4
Nf6 22. Bd3 Ng4 23. Rdf1 Bg7 24. h3 Ne3 25. Bxe3 dxe3 26. e5 Rfd8 27. Rh2 Rd4 28.
h4 Rbd8 29. Rd1 Qa5 30. Re2 Qxa2 31. Rxe3 a5 32. Qc3 Rb8 33. Qa3 Qxa3 34. bxa3
Rb3 35. Kc2 Rxa3 36. Rb1 Rd8 37. Rb3 Ra2+ 38. Rb2 Ra1 39. Rb1 Ra2+ 40. Rb2 Ra1
41. Be4 a4 42. Bd5 h6 43. Rb1 Ra2+ 44. Kd3 Re8 45. Ke4 Kh7 46. Rb5 Rc8 47. Ra5
Rc7 48. Ra6 Re7 49. Bc6 g5 50. hxg5 hxg5 51. Rxa4 Rd2 52. Bd5 Bh6 53. Kf5 gxf4
54. gxf4 Rf2 55. Re4 Rg7 56. Ra1 Rg5+ 57. Ke6 Rg6+ 58. Kd7 Bxf4 59. e6 Rg7+ 60.
e7 Bg5 61. Re6 Rh2 62. Be4+ Kg8 63. Ra8+ 1-0

[Event "MPJ C18"]
[Site "?"]
[Date "2016.03.19"]
[Round "8.10"]
[White "Fukowski, Pawel"]
[Black "Zarnowski, Krzysztof"]
[Result "0-1"]
[LiveChessVersion "1.4.8"]
[BlackElo "1940"]
[WhiteElo "1966"]

1. d4 d5 2. Nf3 Nf6 3. g3 Bf5 4. Bg2 e6 5. c4 c6 6. O-O Nbd7 7. Nc3 Be7 8. h3 O-O
9. Nh4 Bg6 10. f4 Be4 11. e3 Bxg2 12. Nxg2 dxc4 13. e4 b5 14. Qf3 Qb6 15. Be3 c5
16. d5 exd5 17. exd5 b4 18. Na4 Qa6 19. b3 c3 20. Rfd1 Rfe8 21. g4 Bd6 22. Rac1
Ne4 23. f5 Re7 24. h4 Rae8 25. Rc2 Ng3 26. h5 h6 27. a3 Re4 28. axb4 cxb4 29. g5
hxg5 30. Bxg5 Ne2+ 31. Kh1 Nd4 32. Rxd4 Rxd4 33. Bf4 Bxf4 34. Nxf4 Re1+ 35. Kg2
Rdd1 36. Nxc3 bxc3 37. Qxc3 Rg1+ 38. Kh3 Qf1+ 39. Rg2 Rxg2 40. Qc8+ Kh7 41. Nxg2
Rd3+ 42. f6 0-1

[Event "MPJ C18"]
[Site "?"]
[Date "2016.03.19"]
[Round "8.11"]
[White "Wacior, Maciej"]
[Black "Januszkiewicz, Wojciech"]
[Result "1-0"]
[LiveChessVersion "1.4.8"]
[BlackElo "1922"]
[WhiteElo "2090"]

1. Nf3 Nf6 2. e3 e6 3. b3 Be7 4. Bb2 O-O 5. c4 d5 6. Nc3 c5 7. cxd5 exd5 8. d4 b6
9. Be2 Bb7 10. O-O Nbd7 11. Rc1 Rc8 12. dxc5 bxc5 13. Qd3 Nb6 14. Rfd1 Qd7 15. a4
Qe6 16. Ng5 Qe5 17. f4 Qb8 18. Nb5 Ne4 19. Be5 Qa8 20. Nc7 Rxc7 21. Bxc7 Nxg5 22.
fxg5 Qc8 23. Bf4 Qe6 24. Bf3 Rd8 25. h3 Nc8 26. Bc7 Re8 27. Bxd5 Bxd5 28. Qxd5
Qxe3+ 29. Kh1 Bxg5 30. Qxc5 Nb6 31. Bxb6 axb6 32. Qxe3 Bxe3 33. Re1 f5 34. Rc6
Kf7 35. b4 f4 36. a5 bxa5 37. bxa5 Ra8 38. a6 Ra7 39. Rb1 1-0

[Event "MPJ C18"]
[Site "?"]
[Date "2016.03.19"]
[Round "8.12"]
[White "Michalski, Filip"]
[Black "Lizak, Jakub"]
[Result "0-1"]
[LiveChessVersion "1.4.8"]
[BlackElo "2176"]
[WhiteElo "2155"]

1. d4 {[%clk 1:29:59]} Nf6 {[%clk 1:30:56]} 2. c4 {[%clk 1:29:37]} g6
{[%clk 1:31:20]} 3. Nc3 {[%clk 1:30:04]} d5 {[%clk 1:31:46]} 4. Bg5
{[%clk 1:29:58]} Bg7 {[%clk 1:32:12]} 5. Nf3 {[%clk 1:30:21]} Ne4
{[%clk 1:32:34]} 6. Bf4 {[%clk 1:30:43]} Nxc3 {[%clk 1:32:59]} 7. bxc3
{[%clk 1:31:07]} dxc4 {[%clk 1:33:26]} 8. e3 {[%clk 1:31:17]} Be6
{[%clk 1:33:52]} 9. Qb1 {[%clk 1:30:55]} b6 {[%clk 1:33:58]} 10. Nd2
{[%clk 1:27:18]} O-O {[%clk 1:31:11]} 11. Be2 {[%clk 1:21:36]} c5
{[%clk 1:26:52]} 12. O-O {[%clk 1:18:32]} cxd4 {[%clk 1:21:27]} 13. cxd4
{[%clk 1:16:22]} Nc6 {[%clk 1:12:37]} 14. Qb5 {[%clk 0:52:26]} Rc8
{[%clk 1:06:41]} 15. Rac1 {[%clk 0:33:54]} c3 {[%clk 0:54:21]} 16. Nb3
{[%clk 0:28:52]} Bd7 {[%clk 0:45:16]} 17. Qa6 {[%clk 0:12:10]} Nb4
{[%clk 0:41:10]} 18. Qa3 {[%clk 0:08:05]} a5 {[%clk 0:38:06]} 19. Na1
{[%clk 0:05:05]} Nd5 {[%clk 0:36:31]} 20. Ba6 {[%clk 0:01:21]} Ra8
{[%clk 0:35:31]} 21. Bb7 {[%clk 0:01:20]} Nxf4 {[%clk 0:35:51]} 22. exf4
{[%clk 0:01:47]} Rb8 {[%clk 0:35:46]} 23. Be4 {[%clk 0:01:56]} Qc7
{[%clk 0:30:32]} 24. Qxc3 {[%clk 0:01:13]} Qxf4 {[%clk 0:29:05]} 25. Qd3
{[%clk 0:01:14]} Rfc8 {[%clk 0:28:30]} 26. Nb3 {[%clk 0:01:25]} Rxc1
{[%clk 0:27:16]} 27. Rxc1 {[%clk 0:01:47]} Qd6 {[%clk 0:26:03]} 28. d5
{[%clk 0:01:50]} Qb4 {[%clk 0:22:52]} 29. h3 {[%clk 0:01:10]} Be5
{[%clk 0:21:59]} 30. Nd2 {[%clk 0:00:51]} Bf4 {[%clk 0:19:53]} 31. Rc2
{[%clk 0:00:41]} Ba4 {[%clk 0:17:58]} 32. Rc4 {[%clk 0:01:06]} Qxd2
{[%clk 0:17:53]} 33. Qxd2 {[%clk 0:00:34]} Bxd2 {[%clk 0:18:22]} 34. Rxa4
{[%clk 0:00:54]} Bb4 {[%clk 0:18:48]} 35. Rxb4 {[%clk 0:00:37]} axb4
{[%clk 0:18:59]} 36. Bc2 {[%clk 0:01:03]} Kf8 {[%clk 0:18:53]} 37. Kf1
{[%clk 0:01:15]} Ke8 {[%clk 0:18:59]} 38. Ke2 {[%clk 0:01:33]} Kd7
{[%clk 0:19:18]} 39. Kd3 {[%clk 0:01:57]} Rc8 {[%clk 0:19:28]} 40. Bb3
{[%clk 0:02:22]} Kd6 {[%clk 0:19:33]} 41. Kd4 {[%clk 0:02:25]} h5
{[%clk 0:19:30]} 42. f3 {[%clk 0:02:04]} Rc1 {[%clk 0:18:40]} 43. Ke4
{[%clk 0:02:08]} Rg1 {[%clk 0:18:54]} 0-1